El dominó azul (Record no. 173847)

MARC details
000 -LEADER
campo de control de longitud fija 01174namaa22002531 4500
001 - NÚMERO DE CONTROL
campo de control 173847
003 - IDENTIFICADOR DE NÚMERO DE CONTROL
campo de control ES-MaACL
005 - FECHA Y HORA DE LA ÚLTIMA TRANSACCIÓN
campo de control 20230906215351.0
007 - CAMPO FIJO DE DESCRIPCIÓN FÍSICA--INFORMACIÓN GENERAL
campo de control de longitud fija t|
008 - DATOS DE LONGITUD FIJA--INFORMACIÓN GENERAL
campo de control de longitud fija 100126s1858 sp |r |||| | spa d
040 ## - FUENTE DE CATALOGACIÓN
Centro catalogador/agencia de origen SpMaBN
Lengua de catalogación spa
Centro/agencia transcriptor A2
Centro/agencia modificador SpMaBN
Normas de descripción rdc
080 ## - NÚMERO DE LA CLASIFICACIÓN DECIMAL UNIVERSAL
Número de la Clasificación Decimal Universal 78.089.1
100 0# - ENTRADA PRINCIPAL--NOMBRE DE PERSONA
Nombre de persona Camprodón, Francisco.
9 (RLIN) 34301
245 13 - MENCIÓN DEL TÍTULO
Título El dominó azul
Resto del título : zarzuela en tres actos y en verso /
Mención de responsabilidad, etc. original de Don F. Camprodón ; música de D. Emilio Arrieta.
250 ## - MENCION DE EDICION
Mención de edición 3ª ed.
260 ## - PUBLICACIÓN, DISTRIBUCIÓN, ETC.
Lugar de publicación, distribución, etc. Madrid :
Nombre del editor, distribuidor, etc. [s.n.],
Fecha de publicación, distribución, etc. 1858 (
Fabricante Imp. de José Rodríguez)
300 ## - DESCRIPCIÓN FÍSICA
Extensión 71 p., [1] h. ;
Dimensiones 17 cm.
500 ## - NOTA GENERAL
Nota general Portada ilustrada con viñeta.
500 ## - NOTA GENERAL
Nota general En la portada: "Representada por primera vez en el Teatro del Circo, en el mes de febrero de 1853"
500 ## - NOTA GENERAL
Nota general Ded.: "A la Señora Doña Esperanza Lafont de Camprodón, ofrenda de cariño de su hijo, F. Camprodón"
500 ## - NOTA GENERAL
Nota general Solo la letra.
700 1# - ENTRADA AGREGADA--NOMBRE PERSONAL
Nombre de persona Arrieta, Emilio.
9 (RLIN) 23300
852 ## - LOCALIZACIÓN
Ubicación ES-MaACL
Número de control de estantería F-8622(1)
Nota libre .- Enc. pasta española
condición física .- Falto de la cub. origihal
Nota libre .- Enc. en un vol. facticio formando parte de la col. facticia "Teatro español moderno", vol. 77
-- .- Firma ms. de Gustavo Saenz Diez, 1877
Holdings
Estatus retirado Estado de pérdida Estado de daño No para préstamo Colección Biblioteca de origen Biblioteca actual Ubicación en estantería Fecha de adquisición Fuente de adquisición Total de préstamos Signatura topográfica completa Código de barras Visto por última vez Precio de reemplazo Tipo de ítem Koha
        Libros del s. XIX Biblioteca del Ateneo de Madrid Biblioteca del Ateneo de Madrid Sala Pecera Planta 2 26/01/2010     F-8622(1) 1182478 23/02/2023 23/02/2023 Libro impreso antiguo